Inhalts-Verzeichnis ; Tabellen-Verzeichnis

Elmentve itt :
Bibliográfiai részletek
Szerző: Glässner Gustav
Dokumentumtípus: Cikk
Megjelent: 1912
Sorozat:Kolligátum
Kulcsszavak:Akarat - pszichológia
Online Access:http://misc.bibl.u-szeged.hu/26039
LEADER 00545nab a2200169 i 4500
001 misc26039
005 20191111110537.0
008 170717s1912 hu o 0|| zxx d
040 |a SZTE Miscellanea Repozitórium  |b hun 
041 |a zxx 
100 1 |a Glässner Gustav 
245 1 0 |a Inhalts-Verzeichnis ; Tabellen-Verzeichnis  |h [elektronikus dokumentum] /  |c  Glässner Gustav 
260 |c 1912 
300 |a 1-5 
490 0 |a Kolligátum 
695 |a Akarat - pszichológia 
856 4 0 |u http://misc.bibl.u-szeged.hu/26039/1/018_017_001-005.pdf  |z Dokumentum-elérés